The Best Guitarists! - Statistics

General Stats
  • This quiz has been taken 71 times
  • The average score is 26 of 40
Answer Stats
Guitarist Band % Correct
George Harrison The Beatles
100%
Kurt Cobain Nirvana
98%
Brian May Queen
98%
Eddie Van Halen Van Halen
98%
Jimmy Page Led Zeppelin
97%
Slash Guns N' Roses
95%
Keith Richards The Rolling Stones
95%
The Edge U2
95%
Angus Young AC/DC
93%
David Gilmour Pink Floyd
93%
Tony Iommi Black Sabbath
91%
Dave Grohl Foo Fighters
91%
Billie Joe Armstrong Green Day
91%
Noel Gallagher Oasis
91%
Jack White The White Stripes
90%
Johnny Ramone Ramones
88%
Kirk Hammett Metallica
86%
Pete Townshend The Who
86%
Joe Perry Aerosmith
78%
Ace Frehley KISS
72%
Richie Sambora Bon Jovi
71%
Tom Morello Rage Against the Machine
71%
John Frusciante Red Hot Chili Peppers
67%
Billy Corgan Smashing Pumpkins
66%
Billy Gibbons ZZ Top
60%
Alex Lifeson Rush
59%
Jerry Cantrell Alice in Chains
45%
Dave Murray Iron Maiden
45%
Jonny Greenwood Radiohead
43%
Steve Clark Def Leppard
33%
Tom DeLonge blink-182
31%
Daron Malakian System of a Down
29%
Mark Tremonti Creed / Alter Bridge
28%
Jonny Buckland Coldplay
26%
Noodles The Offspring
22%
Mick Jones The Clash
21%
Albert Hammond Jr. The Strokes
19%
Brad Delson Linkin Park
17%
Dave Keuning The Killers
12%
Ryan Peake Nickelback
10%
No matching quizzes found
Score Distribution
Percent of People with Each Score
Percentile by Number Answered
Your Score History
You have not taken this quiz